Encyclopedia of food safety/ (Record no. 51156)

MARC details
000 -LEADER
fixed length control field 00527nam a22001697a 4500
003 - CONTROL NUMBER IDENTIFIER
control field OSt
008 - FIXED-LENGTH DATA ELEMENTS--GENERAL INFORMATION
fixed length control field 260602b |||||||| |||| 00| 0 eng d
020 ## - INTERNATIONAL STANDARD BOOK NUMBER
International Standard Book Number 9780443218309
082 ## - DEWEY DECIMAL CLASSIFICATION NUMBER
Classification number 664.003
Item number S64E
245 ## - TITLE STATEMENT
Title Encyclopedia of food safety/
Remainder of title edited by Geoffrey W. Smithers
250 ## - EDITION STATEMENT
Edition statement 2nd. ed.
260 ## - PUBLICATION, DISTRIBUTION, ETC. (IMPRINT)
Place of publication, distribution, etc Amsterdem:
Name of publisher, distributor, etc Academic Press;
Date of publication, distribution, etc 2024.
500 ## - GENERAL NOTE
General note 4 Vols. sets
650 ## - SUBJECT ADDED ENTRY--TOPICAL TERM
Topical term or geographic name as entry element Technology (Applied Sciences) | Chemical and Related Technologies | Food Technology
700 ## - ADDED ENTRY--PERSONAL NAME
Personal name Smithers, Geoffrey W
942 ## - ADDED ENTRY ELEMENTS (KOHA)
Source of classification or shelving scheme
Koha item type Books
Holdings
Withdrawn status Lost status Source of classification or shelving scheme Damaged status Not for loan Home library Current library Shelving location Date acquired Source of acquisition Cost, normal purchase price Full call number Barcode Date last seen Bill Date Koha item type Public note Bill Number
          Dr. Rajendra Prasad Central Agricultural University Pusa, Dr. Rajendra Prasad Central Agricultural University Pusa, General Stacks 02/06/2026 Delight Book Agency 45017.00 664.003 S64E 87249 02/06/2026 29/01/2026 Books Vol. 1 Bill No. DBS/0262025-2026
          Dr. Rajendra Prasad Central Agricultural University Pusa, Dr. Rajendra Prasad Central Agricultural University Pusa, General Stacks 02/06/2026 Delight Book Agency 45017.00 664.003 S64E 87250 02/06/2026 29/01/2026 Books Vol. 2 Bill No. DBS/0262025-2026
          Dr. Rajendra Prasad Central Agricultural University Pusa, Dr. Rajendra Prasad Central Agricultural University Pusa, General Stacks 02/06/2026 Delight Book Agency 45017.00 664.003 S64E 87251 02/06/2026 29/01/2026 Books Vol. 3 Bill No. DBS/0262025-2026
          Dr. Rajendra Prasad Central Agricultural University Pusa, Dr. Rajendra Prasad Central Agricultural University Pusa, General Stacks 02/06/2026 Delight Book Agency 45017.00 664.003 S64E 87252 02/06/2026 29/01/2026 Books Vol. 4 Bill No. DBS/0262025-2026
Hosted, Implemented, Customized & Maintained by: BestBookBuddies

Powered by Koha